header

Applied diffusion processes from engineering to finance (Record no. 28519)

MARC details
000 -LEADER
fixed length control field 01293nam a2200361Ia 4500
082 04 - DEWEY DECIMAL CLASSIFICATION NUMBER
Classification number 519.233
100 1# - MAIN ENTRY--AUTHOR NAME
Personal name Janssen, Jacques.
245 10 - TITLE STATEMENT
Title Applied diffusion processes from engineering to finance
260 ## - PUBLICATION, DISTRIBUTION, ETC. (IMPRINT)
Place of publication London :
Name of publisher Wiley,
Year of publication 2013.
300 ## - PHYSICAL DESCRIPTION
Number of Pages 411 p.
490 1# - SERIES STATEMENT
Series statement ISTE
650 #0 - SUBJECT ADDED ENTRY--TOPICAL TERM
Topical Term Business mathematics.
Topical Term Differential equations, Partial.
Topical Term Diffusion processes.
Topical Term Engineering mathematics.
700 1# - ADDED ENTRY--PERSONAL NAME
Personal name Manca, Oronzio.
Personal name Manca, Raimondo.
856 40 - ELECTRONIC LOCATION AND ACCESS
Uniform Resource Identifier http://site.ebrary.com/lib/rucke/Doc?id=10687765

No items available.

© 2026 Rongo University
Contact us: librarian | system librarian | Rongo university